La Course - intro - NeS - Paroles - Statistiques

Statistiques générales
  • Ce quiz a été pris 5 fois
  • Le résultat moyen est 251 sur 342
Statistiques - réponses
Paroles % Correct
à
100%
a
100%
ai
100%
aimé
100%
c'
100%
ça
100%
chelou
100%
classe
100%
d'
100%
dans
100%
de
100%
disant
100%
elle
100%
en
100%
est
100%
et
100%
ge-ra
100%
glace
100%
j'
100%
J'
100%
jamais
100%
l'
100%
la
100%
lâché
100%
le
100%
les
100%
Les
100%
m'
100%
ma
100%
mais
100%
me
100%
mes
100%
messages
100%
moi
100%
n'
100%
néfaste
100%
pendant
100%
peur
100%
pure
100%
qu'
100%
que
100%
rappe
100%
regardait
100%
s'
100%
t'
100%
tant
100%
temps
100%
truc
100%
Depuis
80%
face
80%
guident
80%
impose
80%
jetant
80%
métronome
80%
Nique
80%
noir
80%
phases
80%
repense
80%
sourire
80%
type
80%
ultrasons
80%
un
80%
y
80%
bizarre
60%
cents
60%
cinq
60%
comme
60%
cran
60%
du
60%
d'vant
60%
entend
60%
larmes
60%
rime
60%
sur
60%
sûreté
60%
Yo
60%
aise
40%
ap'
40%
applique
40%
arrive
40%
arriverai
40%
attends
40%
aucune
40%
autres
40%
avant
40%
billets
40%
bouche
40%
bute
40%
calmes
40%
came
40%
chiffres
40%
contrat
40%
course
40%
des
40%
disent
40%
doutes
40%
enlève
40%
entends
40%
faire
40%
faut
40%
feats
40%
film
40%
fond
40%
ieps
40%
ils
40%
mis
40%
moral
40%
nous
40%
on
40%
parle
40%
paye
40%
plier
40%
plus
40%
pour
40%
quet-bri
40%
qui
40%
rien
40%
seum
40%
shoes
40%
socks
40%
son
40%
stonks
40%
sucks
40%
suis
40%
suite
40%
suivre
40%
syllabes
40%
Terre
40%
toujours
40%
tout
40%
trente
40%
trippes
40%
trop
40%
tu
40%
va
40%
vendu
40%
vesqui
40%
vie
40%
z'
40%
autant
20%
bien
20%
captes
20%
choix
20%
coulent
20%
crois
20%
deux
20%
donc
20%
d'vient
20%
entasse
20%
éthique
20%
fait
20%
font
20%
iech
20%
LilChick
20%
mains
20%
ont
20%
oublier
20%
pas
20%
poches
20%
Pourtant
20%
prod
20%
réflexions
20%
rimes
20%
sait
20%
sensas'
20%
sip
20%
voyelles
20%
zik
20%
bizz
0%
rec
0%
s'apaise
0%
Aucun quiz correspondant
Distribution des résultats
% des personnes avec chaque résultat
Percentile par nombre de réponses
Votre historique - résultats
Vous n’avez pas pris ce quiz